000 00327nam a2200121Ia 4500
008 220120s9999||||xx |||||||||||||| ||und||
020 _a81-7808-036-2
100 _aLeland, Beck L
_911795
245 0 _aSystem software
260 _aPearson education of asia
_bPune
_c2007
300 _b285
650 _aSOFTWARE ENGINEERING
_91072
999 _c137226
_d137226